Dinosaur more! : (Record no. 6424)

MARC details
000 -LEADER
fixed length control field 01513cam a2200361 a 4500
001 - CONTROL NUMBER
control field 6424
003 - CONTROL NUMBER IDENTIFIER
control field FISKH
005 - DATE AND TIME OF LATEST TRANSACTION
control field 20250430080129.0
008 - FIXED-LENGTH DATA ELEMENTS--GENERAL INFORMATION
fixed length control field 081209s2009 nyua j 001 0 eng
010 ## - LIBRARY OF CONGRESS CONTROL NUMBER
LC control number 2008052893
020 ## - INTERNATIONAL STANDARD BOOK NUMBER
International Standard Book Number 9781402764943
020 ## - INTERNATIONAL STANDARD BOOK NUMBER
International Standard Book Number 9780545257541
020 ## - INTERNATIONAL STANDARD BOOK NUMBER
International Standard Book Number 1402764944
040 ## - CATALOGING SOURCE
Original cataloging agency DLC
Transcribing agency DLC
Modifying agency DLC
Language of cataloging eng
050 ## - LIBRARY OF CONGRESS CALL NUMBER
Classification number QE861 .S749
082 ## - DEWEY DECIMAL CLASSIFICATION NUMBER
Classification number 567.9
100 1# - MAIN ENTRY--PERSONAL NAME
Personal name Stickland, Henrietta.
245 12 - TITLE STATEMENT
Title Dinosaur more! :
Remainder of title a first book of dinosaur facts /
Statement of responsibility, etc. by Henrietta Stickland ; illustrations by Paul Stickland.
260 ## - PUBLICATION, DISTRIBUTION, ETC.
Place of publication, distribution, etc. New York :
Name of publisher, distributor, etc. Scholastic,
Date of publication, distribution, etc. 2009.
300 ## - PHYSICAL DESCRIPTION
Extent 31 pages :
Other physical details color illustrations ;
Dimensions 23 x 29 cm.
500 ## - GENERAL NOTE
General note Includes index.
505 0# - FORMATTED CONTENTS NOTE
Formatted contents note Dinosaur long diplodocus -- Dinosaur fierce velociraptor -- Dinosaur spiky stegosaurus -- Dinosaur squeak compsognathus -- Dinosaur lumpy ankylosaurus -- Dinosaur roar tyrannosaurus -- Dinosaur slimy apatosaurus -- Dinosaur clean iguanodon -- Dinosaur slow triceratops -- Dinosaur tiny hypsilophodon -- Dinosaur fast ornithomimus -- Dinosaur strong giganotosaurus.
505 0# - FORMATTED CONTENTS NOTE
Formatted contents note N<br/>
520 ## - SUMMARY, ETC.
Summary, etc. Fun facts about dinosaurs including how long ago they lived, how much they ate, how large they grew and how they fought.
521 8# - TARGET AUDIENCE NOTE
Target audience note 540<br/>
Source Lexile estimate<br/>
521 8# - TARGET AUDIENCE NOTE
Target audience note N<br/>
Source Raz-Plus
650 #0 - SUBJECT ADDED ENTRY--TOPICAL TERM
Topical term or geographic name entry element Dinosaurs
Form subdivision Juvenile literature.
650 #1 - SUBJECT ADDED ENTRY--TOPICAL TERM
Topical term or geographic name entry element Dinosaurs.
700 1# - ADDED ENTRY--PERSONAL NAME
Personal name Stickland, Paul,
Relator term illustrator
906 ## - LOCAL DATA ELEMENT F, LDF (RLIN)
a 7
b cbc
c orignew
d 1
e ecip
f 20
g y-gencatlg
942 ## - ADDED ENTRY ELEMENTS (KOHA)
Source of classification or shelving scheme Dewey Decimal Classification
Koha item type Books
Suppress in OPAC No
Holdings
Withdrawn status Lost status Source of classification or shelving scheme Damaged status Not for loan Collection Home library Current library Shelving location Date acquired Total Checkouts Full call number Barcode Date last seen Date last checked out Copy number Price effective from Koha item type
    Dewey Decimal Classification     Non-Fiction Footprints International School Library Network Toul Kork Campus Footprints International School Library Network Toul Kork Campus TK Primary Library Room(4th Floor), Bookcase 3&4, Shelves 17-32, Yellow Books 04/30/2025 3 STR 567.9 QE861 .S749 FISBK02279 04/03/2026 03/20/2026 1 04/30/2025 Books